000 00544nam a2200181 i 4500
001 65108
003 ES-MaACL
007 t|
008 040108s1955 sp ||||1| spa d
100 1 _aFraigneux, Maurice.
_952097
245 1 3 _aEl cristianismo es revolucionario /
_cMauricio Fraigneux.
260 _aMadrid :
_bAtenas,
_c[1955] (
_fBenzal)
300 _a178 p. ;
_c21 cm.
490 1 _aRazonemos nuestra fé. Serie II
830 0 _aRazonemos nuestra fé. Serie II
_9184062
852 _aES-MaACL
_jC-9559
_bR.37384
999 _c65108
_d65108